000 00771nam a2200253 a 4500
001 000039062
003 DO-SdBNP
005 20220916110606.0
007 ta
008 130517s1983 dr 000 0 spa d
040 _aDO-SdBNP
_bspa
_cBNPHU
082 _222
_axxx
_bB496r
100 1 _aBergés Coradín, Manuel
_982393
110 _9447
245 1 0 _aResumen del proyecto de codigo de comercio de la República Dominicana /
_cManuel Bergés Coradín ; Pablo Nadal pról.
246 o _aSeminario empresarial sobre el nuevo código de comercio
260 _aSanto Domingo :
_bNivar,
_c1983
300 _a73 p. ;
_c22 cm.
590 _aInventariado, 2022 / DG
700 _aNadal, Pablo
_ePrólogo
_922625
830 0 _965294
910 _aDG
942 _2ddc
_cLBS1
999 _c52413
_d52413